El viaje de Paula : (Registro nro. 8850)

Detalles MARC
000 -CABECERA
Campo de control 01604nam a2200493 a 4500
005 - FECHA Y HORA DE LA ULTIMA TRANSACCION
Campo de control 20150703091816.0
008 - ELEMENTOS DE LONGITUD FIJA—INFORMACION GENERAL
Campo de control 111115s2010 ck a gr 00010 spa d
015 ## - NATIONAL BIBLIOGRAPHY NUMBER
National bibliography number ck-2010-xxxx
020 ## - ISBN
ISBN 9789588067278
040 ## - FUENTE DE CATALOGACIÓN
Agencia catalogadora original CO-BoBLA
Agencia transcriptora CO-BoBLA
041 0# - IDIOMA
Código de idioma para texto/pista de sonido o título separado Español
090 ## - CLASIFICACIÓN LOCAL
Colección EA
Consecutivo 00176
110 2# - ASIENTO PRINCIPAL--NOMBRE CORPORATIVO
Nombre corporativo o de jurisdicción como elemento de entrada Logo Sapiens.
245 13 - MENCION DE TITULO
Título El viaje de Paula :
Parte restante del título El papel de los niños frente al cambio climático
Mención de responsabilidad Textos: Logo Sapiens, Mario Germán González Guarín, Carmen Briceida Rodríguez Medina.
260 ## - PUBLICACION, DISTRIBUCION, ETC. (PIE DE IMPRENTA)
Lugar de publicación, distribución, etc. Bogotá D.C :
Nombre del editor, distribuidor, etc. Instituto de Hidrología y Metereología y Estudios Ambientales-IDEAM,
-- PNUD,
-- Ministerio de Ambiente, Vivienda y Desarrollo Territorial,
Fecha de publicación, distribución, etc. 2010.
300 ## - DESCRIPCION FISICA
Extensión 30 pag
Otros detalles físicos il.
Dimensiones 28 cm.
Material acompañante 1 CD-Rom.
500 ## - NOTA GENERAL
Nota general Lectura para niñas y niños y juegos electrónicos sobre educación ambiental.
650 ## - ASIENTO SECUNDARIO DE MATERIA - TERMINO TEMATICO
Término temático o nombre geográfico como elemento de entrada Cambios climáticos
Subdivisión general Literatura infantil.
650 ## - ASIENTO SECUNDARIO DE MATERIA - TERMINO TEMATICO
Término temático o nombre geográfico como elemento de entrada Protección del medio ambiente
Subdivisión general Literatura infantil.
650 ## - ASIENTO SECUNDARIO DE MATERIA - TERMINO TEMATICO
Término temático o nombre geográfico como elemento de entrada Cambios climáticos
Subdivisión general Enseñanza
700 1# - ASIENTO SECUNDARIO - NOMBRE PERSONAL
Nombre personal González-Guarín, Mario Germán.
700 1# - ASIENTO SECUNDARIO - NOMBRE PERSONAL
Nombre personal Rodríguez-Medina, Carmen Briceida.
942 ## - ELEMENTOS ADICIONALES (KOHA)
Sistema de clasificación Local
Tipo de ítem Libro
949 ## - LOCAL PROCESSING INFORMATION (OCLC)
a
Existencias
Withdrawn status Lost status Sistema de Clasificación Damaged status No para préstamo Colección Inventariado Ubicación Permanente Ubicación actual Fecha de adquisición Fuente de Valor Valor Total Checkouts Número topográfico Inventario / Código de Barras Date last seen Ejemplar Price effective from Forma de adquisición Tipo de material Public note
    Local     Educación Ambiental Inventariado 2017 Sala Fabio Quevedo Sala Fabio Quevedo 28/11/2014 Instituto 39000.00   EA-00176 034869 28/11/2014 Ej. 1 28/11/2014   Libro Contiene CD-ROM con juegos electrónicos sobre educación ambiental (Cod. 034868).
    Local     Educación Ambiental Inventariado 2017 Sala Fabio Quevedo Sala Fabio Quevedo 03/07/2015 Instituto 39000.00   EA-00176 039102 03/07/2015 Ej. 2 03/07/2015   Libro Contiene CD-ROM con juegos electrónicos sobre educación ambiental (Cod. 039103).